9-1-1 Characters Quiz - Statistics

General Stats
  • This quiz has been taken 1,561 times
  • The average score is 18 of 50
Answer Stats
Answer % Correct
Evan "Buck" Buckley
96%
Bobby Nash
94%
Athena Grant
91%
Maddie Buckley
90%
Eddie Diaz
89%
Henrietta "Hen" Wilson
85%
May Grant
84%
Howie "Chimney" Han
81%
Harry Grant
79%
Christopher Diaz
77%
Karen Wilson
68%
Michael Grant
67%
Denny Wilson
60%
Albert Han
50%
Jee-Yun Buckley Han
50%
Shannon Diaz
46%
Abby Clark
45%
Taylor Kelly
36%
Margaret Buckley
34%
Phillip Buckley
34%
Daniel Buckley
32%
Josh Russo
31%
Helena Diaz
27%
Ramon Diaz
27%
Toni Wilson
25%
Tommy Kinard
24%
Adriana Diaz
22%
Isabel Diaz
22%
Josephina Diaz
22%
Ravi Pannikkar
22%
Sophia Diaz
22%
Ana Flores
20%
Doug Kendall
20%
Lena Bosko
16%
Sue Blevins
14%
Lucy Donato
12%
Nia
11%
Linda Bates
10%
Ali Martin
7%
Beatrice Carter
5%
David Hale
5%
Elaine Maynard
5%
Jonah Greenway
5%
Sal DeLuca
5%
Terry Flores
4%
Claudette
3%
Rick Romero
3%
Lou Ransome
2%
Freddy Costas
1%
Marvin Chavez
1%
No matching quizzes found
Score Distribution
Percent of People with Each Score
Percentile by Number Answered
Your Score History
You have not taken this quiz